00220nam a2200085 4500082001600000100002100016245004200037260004700079300000800126 a658.402 KIM aDexter S.Kimbali aPrinciples of Industrial Organization aNew yorkbMcGraw - Hill Book Companyc1939 a478